[Event "SVK-ch GM 2018"]
[Site "Banska Stiavnica"]
[Date "2018.07.10"]
[Round "4"]
[White "Petenyi, Tamas"]
[Black "Zvarik, Martin"]
[Result "1-0"]
[WhiteElo "2450"]
[BlackElo "2280"]
[Annotator "ChessBase"]
[PlyCount "123"]
[EventDate "2018.07.07"]
[EventType "tourn"]
[EventCountry "SVK"]
[SourceTitle "playchess.com"]
[Source "ChessBase"]
[SourceQuality "1"]
[TimeControl "40/5400+30:1800+30"]

1. e4 {[%emt 0:00:00]} e5 {[%emt 0:09:41]} 2. Nf3 {[%emt 0:00:00]} Nc6 {[%emt 0:00:15]} 3. Bb5 {[%emt 0:00:00]} a6 {[%emt 0:01:15]} 4. Ba4 {[%emt 0:00:02]} Nf6 {[%emt 0:00:33]} 5. Nc3 {[%emt 0:01:26]} Bc5 {[%emt 0:06:27]} 6. O-O {[%emt 0:03:42]} b5 {[%emt 0:01:56]} 7. Bb3 {[%emt 0:00:03]} d6 {[%emt 0:00:21]} 8. d3 {[%emt 0:03:07]} Be6 {[%emt 0:06:23]} 9. Ne2 {[%emt 0:02:30]} Bb6 {[%emt 0:09:50]} 10. Ng3 {[%emt 0:01:01]} Nd4 {[%emt 0:06:29]} 11. Nxd4 {[%emt 0:01:25]} Bxd4 {[%emt 0:00:18]} 12. c3 {[%emt 0:00:42]} Bb6 {[%emt 0:00:51]} 13. h3 {[%emt 0:01:44]} O-O {[%emt 0:03:05]} 14. Qf3 {[%emt 0:03:07]} Qd7 {[%emt 0:08:19]} 15. Bg5 {[%emt 0:02:55]} Ne8 {[%emt 0:03:11]} 16. Nf5 {[%emt 0:06:17]} Kh8 {[%emt 0:04:07]} 17. d4 {[%emt 0:08:12]} f6 {[%emt 0:03:46]} 18. Be3 {[%emt 0:01:28]} g6 {[%emt 0:02:17]} 19. Ng3 {[%emt 0:01:15]} Ng7 {[%emt 0:00:33]} 20. d5 {[%emt 0:01:52]} Bg8 {[%emt 0:02:09]} 21. Bxb6 {[%emt 0:01:40]} cxb6 {[%emt 0:00:00]} 22. Qe3 {[%emt 0:00:56]} f5 {[%emt 0:01:07]} 23. exf5 {[%emt 0:02:56]} gxf5 {[%emt 0:00:44]} 24. f4 {[%emt 0:00:51]} Qc7 {[%emt 0:01:02]} 25. Rad1 {[%emt 0:00:54]} e4 {[%emt 0:04:08]} 26. Kh2 {[%emt 0:02:23]} Qc5 {[%emt 0:00:29]} 27. Rd4 {[%emt 0:03:47]} Rf6 {[%emt 0:01:21]} 28. Rf2 {[%emt 0:01:39]} Bf7 {[%emt 0:00:12]} 29. Nf1 {[%emt 0:01:20]} Rg8 {[%emt 0:00:40]} 30. a4 {[%emt 0:01:35]} Be8 {[%emt 0:01:57]} 31. axb5 {[%emt 0:06:04]} Bxb5 {[%emt 0:02:20]} 32. c4 {[%emt 0:00:32]} Bd7 {[%emt 0:00:30]} 33. Qc3 {[%emt 0:00:22]} Ne8 {[%emt 0:05:08]} 34. Bd1 {[%emt 0:01:02]} a5 {[%emt 0:00:04]} 35. Ne3 {[%emt 0:00:54]} Rg7 {[%emt 0:00:53]} 36. Bh5 {[%emt 0:01:13]} Kg8 {[%emt 0:01:42]} 37. Bxe8 {[%emt 0:02:43]} Bxe8 {[%emt 0:00:05]} 38. g4 {[%emt 0:02:43]} fxg4 {[%emt 0:01:54]} 39. Nxg4 {[%emt 0:01:26]} Rf8 {[%emt 0:02:51]} 40. Rg2 {[%emt 0:13:49]} h5 {[%emt 0:02:57]} 41. Ne3 {[%emt 0:31:29]} Rxg2+ {[%emt 0:35:37]} 42. Nxg2 {[%emt 0:04:55]} Bg6 {[%emt 0:00:13]} 43. Qe3 {[%emt 0:12:51]} Kg7 {[%emt 0:00:00]} 44. Qg1 {[%emt 0:00:00]} Rf6 {[%emt 0:00:00]} 45. Nh4 {[%emt 0:00:00]} Kf7 {[%emt 0:00:00]} 46. Qe3 {[%emt 0:00:00]} Bh7 {[%emt 0:00:00]} 47. b3 {[%emt 0:00:00]} Qa3 {[%emt 0:00:00]} 48. Rd1 {[%emt 0:00:00]} a4 {[%emt 0:00:00]} 49. Qxb6 {[%emt 0:00:00]} Qb2+ {[%emt 0:00:00]} 50. Kh1 {[%emt 0:00:00]} Qxb3 {[%emt 0:00:00]} 51. Qc7+ {[%emt 0:00:00]} Kf8 {[%emt 0:02:18]} 52. Qd8+ {[%emt 0:00:00]} Kf7 {[%emt 0:00:07]} 53. Qd7+ {[%emt 0:00:00]} Kf8 {[%emt 0:00:01]} 54. Rg1 {[%emt 0:00:00]} Qe3 {[%emt 0:01:04]} 55. c5 {[%emt 0:00:00]} Rf5 {[%emt 0:03:26]} 56. Qc8+ {[%emt 0:00:00]} Kf7 {[%emt 0:00:11]} 57. Qe6+ {[%emt 0:00:00]} Kf8 {[%emt 0:00:05]} 58. Qxd6+ {[%emt 0:00:00]} Kf7 {[%emt 0:00:10]} 59. Qd7+ {[%emt 0:00:00]} Kf8 {[%emt 0:00:00]} 60. Qg7+ {[%emt 0:00:00]} Ke8 {[%emt 0:00:01]} 61. Qh8+ {[%emt 0:00:00]} Rf8 {[%emt 0:00:42]} 62. Qe5+ {[%emt 0:00:00]} 1-0

[Event "SVK-ch GM 2018"]
[Site "Banska Stiavnica"]
[Date "2018.07.10"]
[Round "4"]
[White "Jurcik, Marian"]
[Black "Repka, Christopher"]
[Result "1/2-1/2"]
[WhiteElo "2445"]
[BlackElo "2519"]
[Annotator "ChessBase"]
[PlyCount "28"]
[EventDate "2018.07.07"]
[EventType "tourn"]
[EventCountry "SVK"]
[SourceTitle "playchess.com"]
[Source "ChessBase"]
[SourceQuality "1"]
[TimeControl "40/5400+30:1800+30"]

1. e4 {[%emt 0:02:06]} e6 {[%emt 0:04:43]} 2. d4 {[%emt 0:00:16]} d5 {[%emt 0:00:15]} 3. Nc3 {[%emt 0:00:53]} Nf6 {[%emt 0:00:38]} 4. e5 {[%emt 0:00:46]} Nfd7 {[%emt 0:00:06]} 5. f4 {[%emt 0:00:32]} c5 {[%emt 0:00:04]} 6. Nf3 {[%emt 0:00:27]} Nc6 {[%emt 0:00:42]} 7. Be3 {[%emt 0:00:35]} cxd4 {[%emt 0:01:53]} 8. Nxd4 {[%emt 0:00:28]} Bc5 {[%emt 0:00:08]} 9. a3 {[%emt 0:05:25]} O-O {[%emt 0:02:33]} 10. Be2 {[%emt 0:03:24]} Qb6 {[%emt 0:03:04]} 11. Na4 {[%emt 0:01:28]} Qa5+ {[%emt 0:00:05]} 12. Nc3 {[%emt 0:02:28]} Qb6 {[%emt 0:00:13]} 13. Na4 {[%emt 0:00:46]} Qa5+ {[%emt 0:00:05]} 14. Nc3 {[%emt 0:01:03]} Qb6 {[%emt 0:00:52]} 1/2-1/2

[Event "SVK-ch GM 2018"]
[Site "Banska Stiavnica"]
[Date "2018.07.10"]
[Round "4"]
[White "Mazur, Stefan"]
[Black "Pechac, Jergus"]
[Result "0-1"]
[WhiteElo "2425"]
[BlackElo "2435"]
[Annotator "TA"]
[PlyCount "58"]
[EventDate "2018.07.07"]
[EventType "tourn"]
[EventCountry "SVK"]
[SourceTitle "playchess.com"]
[Source "ChessBase"]
[SourceQuality "1"]

{[%evp 25,58,69,62,59,88,73,73,87,100,106,97,99,86,84,102,95,120,3,0,0,0,-340,-331,-335,-292,-249,-231,-214,-212,-377,-357,-466,-453,-477,-464]} 1. e4 c5 2. Nf3 Nc6 3. d4 cxd4 4. Nxd4 Nf6 5. Nc3 d6 6. Bg5 e6 7. Qd2 a6 8. O-O-O Bd7 9. f4 Be7 10. Kb1 b5 {B68: Sicilian: Richter-Rauzer: 7...a6 8 0-0-0 Bd7 9 f4 Be7} 11. Bxf6 gxf6 (11... Bxf6 12. Nxc6 Bxc6 13. Qxd6 Qxd6 14. Rxd6 Rc8 15. a4 Bxc3 16. bxc3 Bxe4 17. Rxa6 Rxc3 18. Bxb5+ {½-½ (26) Yu,Y (2705)-Salem,A (2586) Doha 2014}) 12. Nxc6 Bxc6 13. Bd3 Qb6 {LiveBook: 4 Games} 14. Rhe1 Rg8 {[#]} 15. Re2 $146 ({Predecessor:} 15. f5 b4 16. Ne2 e5 17. Ng3 Rg5 18. Bc4 Rc8 19. Qe2 a5 20. b3 a4 21. Qf3 {1-0 (39) Tseshkovsky,V (2510)-Ivanovic,B (2470) Cetinje 1992}) 15... Ra7 16. Rde1 Qc5 17. f5 b4 18. Nd1 Rg5 19. h4 Rg3 20. Qh6 a5 21. fxe6 (21. Qxh7 $16 {Black should prevent Ne3.} a4 22. h5) 21... fxe6 $11 22. Ne3 a4 23. Nf5 $2 {[%mdl 8192] [#]} (23. Nf1 $11 {and White stays safe.} Bf8 24. Qxf6) 23... exf5 $19 24. exf5 Kd8 25. Qxh7 {[%cal Re2e7]} d5 26. Qh8+ {[#]} Be8 $1 {Threatens to win with ...a3.} 27. Qh6 $2 (27. Rd2 {was worth a try.} b3 28. a3) 27... Qd4 28. Qc1 ({Don't go for} 28. Qh8 $2 a3 $19) 28... a3 {[%cal Ba4a3,Ba3b2][%mdl 32]} 29. Rd1 axb2 {Precision: White = 37%, Black = 80%.} 0-1

[Event "SVK-ch GM 2018"]
[Site "Banska Stiavnica"]
[Date "2018.07.11"]
[Round "5"]
[White "Repka, Christopher"]
[Black "Mazur, Stefan"]
[Result "1-0"]
[WhiteElo "2519"]
[BlackElo "2425"]
[Annotator "TA"]
[PlyCount "41"]
[EventDate "2018.07.07"]
[EventType "tourn"]
[EventCountry "SVK"]
[SourceTitle "playchess.com"]
[Source "ChessBase"]
[SourceQuality "1"]

{[%evp 15,41,0,19,10,15,-9,18,23,26,17,29,22,97,87,106,101,122,121,120,102,151,142,475,496,483,483,491,470]} 1. c4 Nf6 2. Nc3 e5 3. Nf3 Nc6 4. a3 d5 5. cxd5 Nxd5 6. Qc2 Nxc3 7. dxc3 {A28: English Opening: Four Knights Variation} Bg4 {[%cal Bc8g4,Bg4h5,Bh5g6][%mdl 32]} (7... Bd6 8. e4 O-O 9. Bc4 Qe7 10. Bg5 Qe8 11. O-O-O Be6 12. Bd5 f6 13. Be3 Bxd5 14. Rxd5 Ne7 {½-½ (49) Topalov,V (2749)-Giri,A (2777) Shamkir 2018}) 8. h3 Bh5 {LiveBook: 3 Games} 9. g4 {The position is equal.} Bg6 10. e4 (10. Qa4 {feels hotter.} Qd5 11. Bg2 Qe4 12. b4 Qc2 13. Qxc2 Bxc2 14. a4) 10... h5 $146 {Hoping for ...hxg4.} ({Predecessor:} 10... Bc5 11. b4 Qf6 12. Qe2 Bb6 13. a4 a6 14. h4 h5 {½-½ (49) Poluljahov,A (2505)-Kurnosov,I (2657) Sochi 2012}) 11. g5 h4 12. Be3 Qd7 13. Bb5 {Black must now prevent Nxe5!} Bd6 (13... f6 $11 {remains equal.}) 14. O-O-O $36 {[%mdl 2048] Black is under strong pressure.} f6 15. Rdg1 {Threatens to win with gxf6.} f5 {[#]} 16. Rd1 $1 {aiming for Nxe5!} Qe6 17. Qa4 Rd8 18. Qxa7 $1 Ke7 $2 {[%mdl 8192]} (18... Qc8 $16 {is more resistant.}) 19. Bxc6 $18 {White is clearly winning.} bxc6 {[#]} 20. Rxd6 $1 {[%mdl 512]} Rxd6 21. Bc5 {Precision: White = 84%, Black = 14%.} ({Less strong is} 21. Qxc7+ Qd7 $18) 1-0

[Event "SVK-ch GM 2018"]
[Site "Banska Stiavnica"]
[Date "2018.07.11"]
[Round "5"]
[White "Nayhebaver, Martin"]
[Black "Petenyi, Tamas"]
[Result "1/2-1/2"]
[WhiteElo "2478"]
[BlackElo "2450"]
[Annotator "ChessBase"]
[PlyCount "68"]
[EventDate "2018.07.07"]
[EventType "tourn"]
[EventCountry "SVK"]
[SourceTitle "playchess.com"]
[Source "ChessBase"]
[SourceQuality "1"]
[TimeControl "40/5400+30:1800+30"]

1. e4 {[%emt 0:00:00]} c6 {[%emt 0:01:55]} 2. Nc3 {[%emt 0:00:12]} d5 {[%emt 0:00:37]} 3. Nf3 {[%emt 0:00:47]} Bg4 {[%emt 0:00:27]} 4. d4 {[%emt 0:00:47]} e6 {[%emt 0:02:17]} 5. h3 {[%emt 0:00:55]} Bh5 {[%emt 0:00:32]} 6. g4 {[%emt 0:01:54]} Bg6 {[%emt 0:00:05]} 7. exd5 {[%emt 0:00:09]} exd5 {[%emt 0:00:23]} 8. Qe2+ {[%emt 0:00:21]} Qe7 {[%emt 0:02:52]} 9. Be3 {[%emt 0:00:57]} Nd7 {[%emt 0:01:04]} 10. O-O-O {[%emt 0:02:30]} O-O-O {[%emt 0:05:21]} 11. Ne5 {[%emt 0:02:45]} Nb6 {[%emt 0:07:29]} 12. a3 {[%emt 0:11:55]} f6 {[%emt 0:03:13]} 13. Nxg6 {[%emt 0:00:51]} hxg6 {[%emt 0:00:01]} 14. Qd2 {[%emt 0:03:47]} Qf7 {[%emt 0:01:30]} 15. Bd3 {[%emt 0:01:54]} Bd6 {[%emt 0:01:19]} 16. Ne2 {[%emt 0:02:33]} Ne7 {[%emt 0:07:12]} 17. h4 {[%emt 0:05:04]} Nc4 {[%emt 0:03:56]} 18. Bxc4 {[%emt 0:02:08]} dxc4 {[%emt 0:00:02]} 19. Qa5 {[%emt 0:04:55]} a6 {[%emt 0:01:26]} 20. Qa4 {[%emt 0:18:01]} Qe6 {[%emt 0:03:30]} 21. Rdg1 {[%emt 0:05:51]} Rde8 {[%emt 0:03:01]} 22. c3 {[%emt 0:14:30]} Nd5 {[%emt 0:07:11]} 23. Qxc4 {[%emt 0:00:31]} Nxe3 {[%emt 0:00:09]} 24. Qxe6+ {[%emt 0:00:04]} Rxe6 {[%emt 0:00:03]} 25. fxe3 {[%emt 0:00:05]} Rxe3 {[%emt 0:00:04]} 26. Kd2 {[%emt 0:00:19]} Rhe8 {[%emt 0:03:10]} 27. Rg2 {[%emt 0:00:20]} Rf3 {[%emt 0:00:36]} 28. h5 {[%emt 0:04:12]} g5 {[%emt 0:03:37]} 29. h6 {[%emt 0:01:50]} gxh6 {[%emt 0:00:29]} 30. Rxh6 {[%emt 0:00:07]} Re7 {[%emt 0:02:01]} 31. Ng1 {[%emt 0:02:07]} Rf1 {[%emt 0:05:34]} 32. Nh3 {[%emt 0:03:10]} Kc7 {[%emt 0:02:59]} 33. Re2 {[%emt 0:03:37]} Rxe2+ {[%emt 0:10:45]} 34. Kxe2 {[%emt 0:00:05]} Rb1 {[%emt 0:00:08]} 1/2-1/2

[Event "SVK-ch GM 2018"]
[Site "Banska Stiavnica"]
[Date "2018.07.11"]
[Round "5"]
[White "Pechac, Jergus"]
[Black "Petrik, Tomas"]
[Result "0-1"]
[WhiteElo "2435"]
[BlackElo "2470"]
[Annotator "ChessBase"]
[PlyCount "68"]
[EventDate "2018.07.07"]
[EventType "tourn"]
[EventCountry "SVK"]
[SourceTitle "playchess.com"]
[Source "ChessBase"]
[SourceQuality "1"]
[TimeControl "40/5400+30:1800+30"]

1. g3 {[%emt 0:00:00]} d5 {[%emt 0:01:55]} 2. Nf3 {[%emt 0:00:00]} c6 {[%emt 0:00:14]} 3. c4 {[%emt 0:00:51]} Bg4 {[%emt 0:13:07]} 4. Bg2 {[%emt 0:05:38]} e6 {[%emt 0:00:40]} 5. cxd5 {[%emt 0:01:09]} Bxf3 {[%emt 0:13:33]} 6. Bxf3 {[%emt 0:00:07]} cxd5 {[%emt 0:00:06]} 7. O-O {[%emt 0:02:17]} Nc6 {[%emt 0:00:29]} 8. d3 {[%emt 0:02:07]} Nf6 {[%emt 0:07:24]} 9. e4 {[%emt 0:02:07]} dxe4 {[%emt 0:12:23]} 10. dxe4 {[%emt 0:00:08]} Bd6 {[%emt 0:01:13]} 11. Nd2 {[%emt 0:12:03]} Ne5 {[%emt 0:12:48]} 12. Qa4+ {[%emt 0:02:32]} Nfd7 {[%emt 0:05:33]} 13. Be2 {[%emt 0:03:19]} O-O {[%emt 0:00:20]} 14. Nb3 {[%emt 0:01:41]} Nc5 {[%emt 0:05:53]} 15. Nxc5 {[%emt 0:03:39]} Bxc5 {[%emt 0:00:05]} 16. Kg2 {[%emt 0:02:32]} Qb6 {[%emt 0:01:57]} 17. b4 {[%emt 0:03:10]} Bd4 {[%emt 0:04:11]} 18. Rb1 {[%emt 0:00:07]} Rac8 {[%emt 0:00:21]} 19. b5 {[%emt 0:01:36]} Nd7 {[%emt 0:06:55]} 20. Ba3 {[%emt 0:10:03]} Rfd8 {[%emt 0:01:47]} 21. Be7 {[%emt 0:15:19]} Re8 {[%emt 0:00:05]} 22. Ba3 {[%emt 0:00:11]} Red8 {[%emt 0:00:11]} 23. Be7 {[%emt 0:00:10]} Re8 {[%emt 0:00:01]} 24. Ba3 {[%emt 0:00:06]} e5 {[%emt 0:06:13]} 25. Bg4 {[%emt 0:01:32]} Nc5 {[%emt 0:00:05]} 26. Qc4 {[%emt 0:01:47]} Rc7 {[%emt 0:00:20]} 27. Qd5 {[%emt 0:02:48]} Qg6 {[%emt 0:02:06]} 28. Bf5 {[%emt 0:00:21]} Qf6 {[%emt 0:00:03]} 29. f4 {[%emt 0:03:10]} Rd8 {[%emt 0:01:39]} 30. b6 {[%emt 0:00:27]} axb6 {[%emt 0:00:30]} 31. Rxb6 {[%emt 0:07:35]} Rxd5 {[%emt 0:00:29]} 32. Rxf6 {[%emt 0:00:04]} Rd8 {[%emt 0:00:11]} 33. Rb6 {[%emt 0:00:07]} g6 {[%emt 0:01:07]} 34. Bg4 {[%emt 0:01:31]} Nxe4 {[%emt 0:00:04]} 0-1

[Event "SVK-ch GM 2018"]
[Site "Banska Stiavnica"]
[Date "2018.07.11"]
[Round "5"]
[White "Manik, Mikulas"]
[Black "Jurcik, Marian"]
[Result "1/2-1/2"]
[WhiteElo "2400"]
[BlackElo "2445"]
[Annotator "NA RC"]
[PlyCount "61"]
[EventDate "2018.07.07"]
[EventType "tourn"]
[EventCountry "SVK"]
[SourceTitle "playchess.com"]
[Source "ChessBase"]
[SourceQuality "1"]
[TimeControl "40/5400+30:1800+30"]

1. e4 {[%emt 0:02:38]} e5 {[%emt 0:00:01]} 2. Nf3 {[%emt 0:00:07]} Nc6 {[%emt 0:00:36]} 3. Bb5 {[%emt 0:00:59]} Nf6 {[%emt 0:01:58]} 4. O-O {[%emt 0:01:29]} Nxe4 {[%emt 0:01:12]} 5. Re1 {[%emt 0:01:01]} Nd6 {[%emt 0:01:51]} 6. Nxe5 {[%emt 0:00:13]} Be7 {[%emt 0:00:34]} 7. Bf1 {[%emt 0:00:10]} Nf5 {[%emt 0:03:24]} 8. c3 {[%emt 0:02:57]} Nxe5 {[%emt 0:03:13]} 9. Rxe5 {[%emt 0:00:13]} d6 {[%emt 0:00:26]} 10. Re1 {[%emt 0:00:10]} c5 {[%emt 0:09:13]} 11. d4 {[%emt 0:08:13]} cxd4 {[%emt 0:01:46] LiveBook: 4 Partien} 12. Bg5 $11 {[%emt 0:00:15]} dxc3 {[%emt 0:04:22]} 13. Bb5+ {[%emt 0:11:44]} Bd7 {[%emt 0:01:07]} 14. Nxc3 {[%emt 0:00:09]} O-O {[%emt 0:03:00]} 15. Bxe7 {[%emt 0:00:46]} Nxe7 {[%emt 0:00:08]} 16. Qxd6 {[%emt 0:00:11]} Bxb5 {[%emt 0:01:30]} 17. Nxb5 {[%emt 0:00:09]} Nc6 {[%emt 0:01:13]} 18. Qxd8 {[%emt 0:00:46]} Raxd8 {[%emt 0:00:38]} 19. Rad1 {[%emt 0:00:07]} a6 {[%emt 0:02:29]} 20. Nc3 {[%emt 0:00:17]} Rxd1 {[%emt 0:00:47]} 21. Rxd1 {[%emt 0:00:06]} Rd8 {[%emt 0:00:05]} 22. Rxd8+ {[%emt 0:00:38]} Nxd8 {[%emt 0:00:06]} 23. f4 {[%emt 0:00:10]} f5 {[%emt 0:00:51]} 24. Kf2 {[%emt 0:00:10]} Kf7 {[%emt 0:00:14]} 25. Ke3 {[%emt 0:00:20]} Ke6 {[%emt 0:00:40]} 26. b4 {[%emt 0:00:12]} Nc6 {[%emt 0:00:55]} 27. a3 {[%emt 0:00:08]} b5 {[%emt 0:00:49]} 28. g3 {[%emt 0:00:09]} Kd6 {[%emt 0:00:42]} 29. Kd3 {[%emt 0:00:05]} g6 {[%emt 0:01:15]} 30. Ke3 {[%emt 0:00:09]} Ne7 {[%emt 0:00:33]} 31. Kd4 {[%emt 0:00:04]} 1/2-1/2

[Event "SVK-ch GM 2018"]
[Site "Banska Stiavnica"]
[Date "2018.07.11"]
[Round "5"]
[White "Zvarik, Martin"]
[Black "Gazik, Viktor"]
[Result "0-1"]
[WhiteElo "2280"]
[BlackElo "2490"]
[Annotator "TA"]
[PlyCount "78"]
[EventDate "2018.07.07"]
[EventType "tourn"]
[EventCountry "SVK"]
[SourceTitle "playchess.com"]
[Source "ChessBase"]
[SourceQuality "1"]

{[%evp 9,78,9,59,42,45,39,44,44,52,47,42,44,38,39,72,53,81,85,82,72,105,102,104,91,91,89,118,55,74,36,25,29,61,24,28,0,63,10,15,0,0,0,18,-109,-103,-109,-104,-179,-170,-258,-167,-400,-380,-357,-385,-493,-512,-1210,-1168,-1210,-1207,-1152,-1152,-5543,-5539,-29975,-29975,-29990,-29991,-29994,-29991]} 1. e4 g6 2. d4 Bg7 3. c3 d6 4. Bd3 Nc6 (4... Nf6 5. Nf3 O-O 6. O-O c5 7. d5 Bg4 8. Nbd2 Nbd7 9. h3 Ne5 10. Be2 Nxf3+ 11. Nxf3 Bd7 12. e5 dxe5 13. Nxe5 Bf5 14. Bf3 Be4 15. Ng4 Bxf3 16. Nxf6+ Bxf6 17. Qxf3 {1-0 (37) Sokolov,I (2650)-Kasimdzhanov,R (2700) Dubai 2014}) 5. f4 Nf6 6. e5 {B06: Modern Defence} Nd5 7. Nf3 O-O 8. O-O {White is slightly better.} dxe5 9. fxe5 f6 10. exf6 exf6 11. Nbd2 Kh8 $146 {Black wants to play ...Ne3.} ({Predecessor:} 11... Be6 12. Ne4 Bf7 13. a3 Nb6 14. Nc5 Rb8 15. Kh1 Re8 16. Qc2 Nd7 {1-0 (38) Ostermeyer,P (2390)-Weiermann,A (2275) Germany 1994}) 12. Ne4 b6 13. Bd2 a5 14. a3 Nde7 15. Qe2 Bb7 16. Rad1 Qd7 17. Rfe1 Rae8 18. Qf2 ({White should play} 18. Bb5 $16) 18... Nf5 19. b4 axb4 20. axb4 Qf7 21. Bc1 Nce7 22. Re2 Ra8 (22... Bxe4 $11 23. Rxe4 (23. Bxe4 Nd6 $11) 23... Nd6) 23. c4 ({Better is} 23. b5 $14) 23... Nc6 $11 {[%cal Be7c6,Bc6b4,Bb4d3][%mdl 32]} 24. d5 Nxb4 {...Ba6 is the strong threat.} 25. Bb1 $1 Ra1 $1 {[%cal Ra1b1]} 26. Bb2 {[#]} (26. Rb2 $11 Na6 27. Rb5) 26... Nd3 $1 $17 {[%cal Rd3f2][%mdl 512]} 27. Rxd3 (27. Bxd3 Rxd1+) 27... Rxb1+ 28. Ne1 (28. Re1 $17 {is a better defense.} Rxe1+ 29. Qxe1) 28... Ba6 $36 {[%mdl 2048] White is under strong pressure.} 29. Rc3 (29. Nc3 $142 Rxb2 30. Rxb2) 29... Re8 30. g4 $2 (30. Bc1 {was the only defense.}) 30... Nh6 31. Rcc2 Nxg4 32. Qf4 f5 {White must now prevent ...Bxb2.} 33. Ng5 (33. Bc1 $142 Qe7 34. h3) 33... Rxe1+ 34. Rxe1 Rxe1+ 35. Kg2 Qe7 36. Ne6 Bxb2 37. Rxb2 {[#]} Bxc4 $1 {Black mates.} 38. Rxb6 (38. Qxc4 Ne3+) 38... Bxd5+ 39. Kg3 Rxe6 {Precision: White = 30%, Black = 63%.} 0-1

[Event "SVK-ch GM 2018"]
[Site "Banska Stiavnica"]
[Date "2018.07.12"]
[Round "6"]
[White "Repka, Christopher"]
[Black "Manik, Mikulas"]
[Result "1-0"]
[WhiteElo "2519"]
[BlackElo "2400"]
[Annotator "TA"]
[PlyCount "49"]
[EventDate "2018.07.07"]
[EventType "tourn"]
[EventCountry "SVK"]
[SourceTitle "playchess.com"]
[Source "ChessBase"]
[SourceQuality "1"]

{[%evp 13,49,48,41,0,16,28,33,14,19,5,20,-2,58,22,21,24,47,46,145,115,137,133,192,199,191,195,239,242,347,314,487,418,389,339,1002,1000,1516,1553]} 1. d4 Nf6 2. c4 g6 3. Nc3 Bg7 4. e4 d6 5. h3 O-O 6. Be3 Nc6 {E71: King's Indian: 4 e4 d6 5 h3} (6... e5 7. d5 Na6 8. g4 Nc5 9. f3 h5 10. Qd2 Nh7 11. O-O-O h4 12. Bd3 Nxd3+ 13. Qxd3 f5 14. Rh2 Kh8 15. Rg2 Bd7 16. exf5 gxf5 {½-½ (69) Caruana,F (2811)-Jones,G (2640) Wijk aan Zee 2018}) 7. d5 Ne5 {LiveBook: 11 Games} 8. Qd2 e6 $146 {The position is equal.} ({Predecessor:} 8... Re8 9. g4 c5 10. Be2 Kh8 11. g5 Ng8 12. f4 Nd7 13. h4 Nf8 14. h5 e6 15. O-O-O Qa5 16. e5 dxe5 17. h6 {1-0 (17) Nadarzynski,A-Gorski,E Poland 1993}) 9. f4 Ned7 10. dxe6 fxe6 11. g4 b5 12. cxb5 a6 (12... Bb7 $11) 13. Nf3 $14 {[%cal Bg1f3,Bf3d4,Bd4e6][%mdl 32]} axb5 14. Bxb5 {Black must now prevent 0-0-0.} Bb7 15. Qc2 d5 {[#]} (15... c6 $14 16. Be2 Qe7) 16. e5 $1 $36 {[%mdl 2048] Threatens to win with Nd4. White has strong initiative.} d4 17. Nxd4 (17. exf6 $6 Bxf6 18. Nxd4 Bxd4 $11) 17... Bxh1 (17... Nxe5 $16 18. fxe5 Nd5 19. Nxd5 Qxd5) 18. Nxe6 $18 Qe7 19. Bc4 (19. Nxf8 $6 Nxe5 20. fxe5 Qxe5 $16) 19... Kh8 20. O-O-O ({Weaker is} 20. exf6 Rxf6 21. f5 gxf5 $11) (20. Nxf8 Nxf8 21. Ke2 Bc6 $16) 20... Bb7 (20... Bf3 {might work better.}) 21. Nxg7 (21. exf6 Rxf6 22. f5 gxf5 $16) ({Not} 21. Nxf8 Nxf8 22. Kb1 N6d7 $16) 21... Nb6 (21... Kxg7 $142 22. exf6+ Rxf6) 22. Bb3 Nfd5 23. Nxd5 ({Less strong is} 23. Bxd5 Nxd5 24. Nxd5 Qxg7 $18) 23... Qxg7 $2 {[#]} (23... Bxd5 24. Bxd5 Nxd5 25. Rxd5 Rxa2) 24. e6 Nxd5 25. Bd4 {Precision: White = 78%, Black = 22%.} 1-0

[Event "SVK-ch GM 2018"]
[Site "Banska Stiavnica"]
[Date "2018.07.12"]
[Round "6"]
[White "Gazik, Viktor"]
[Black "Nayhebaver, Martin"]
[Result "1-0"]
[WhiteElo "2490"]
[BlackElo "2478"]
[Annotator "RC"]
[PlyCount "85"]
[EventDate "2018.07.07"]
[EventType "tourn"]
[EventCountry "SVK"]
[SourceTitle "playchess.com"]
[Source "ChessBase"]
[SourceQuality "1"]
[TimeControl "40/5400+30:1800+30"]

1. c4 {[%emt 0:00:00]} Nf6 {[%emt 0:00:24]} 2. g3 {[%emt 0:00:00]} e6 {[%emt 0:00:27]} 3. Nf3 {[%emt 0:00:24]} b6 {[%emt 0:01:14]} 4. Bg2 {[%emt 0:00:17]} Bb7 {[%emt 0:00:06]} 5. O-O {[%emt 0:00:21]} c5 {[%emt 0:01:58]} 6. b3 {[%emt 0:02:31]} Be7 {[%emt 0:00:38]} 7. Bb2 {[%emt 0:00:06]} O-O {[%emt 0:00:42]} 8. d3 {[%emt 0:01:20]} d5 {[%emt 0:01:45]} 9. e3 {[%emt 0:00:52]} Nc6 {[%emt 0:01:23]} 10. Qe2 {[%emt 0:00:30]} Qc7 {[%emt 0:03:29]} 11. Nc3 {[%emt 0:03:09]} Rad8 {[%emt 0:07:00]} 12. Rfd1 {[%emt 0:02:29]} Rfe8 {[%emt 0:04:21]} 13. Rac1 {[%emt 0:04:57]} Qb8 {[%emt 0:01:25]} 14. Nh4 {[%emt 0:08:42]} d4 {[%emt 0:03:22]} 15. Nb1 {[%emt 0:02:20]} dxe3 {[%emt 0:01:37]} 16. fxe3 {[%emt 0:00:19]} Nb4 {[%emt 0:00:53]} 17. Nc3 {[%emt 0:12:08]} Bxg2 {[%emt 0:02:19]} 18. Nxg2 {[%emt 0:00:09]} Rd7 {[%emt 0:01:22]} 19. Rd2 {[%emt 0:02:23]} Red8 {[%emt 0:01:37]} 20. Rcd1 {[%emt 0:00:04]} Qb7 {[%emt 0:02:32]} 21. g4 {[%emt 0:14:12]} h6 {[%emt 0:03:28]} 22. h4 {[%emt 0:01:50]} Nh7 {[%emt 0:05:11]} 23. a3 {[%emt 0:00:37]} Nc6 {[%emt 0:00:36]} 24. Ne4 {[%emt 0:00:07]} Qc7 {[%emt 0:13:22]} 25. d4 {[%emt 0:18:48]} f5 {[%emt 0:09:32]} 26. gxf5 {[%emt 0:08:12]} exf5 {[%emt 0:00:16]} 27. Nc3 {[%emt 0:00:01]} Qg3 {[%emt 0:01:07]} 28. dxc5 {[%emt 0:05:45]} Rxd2 {[%emt 0:07:08]} 29. Rxd2 {[%emt 0:00:02]} bxc5 {[%emt 0:03:52]} 30. Rxd8+ {[%emt 0:01:32]} Bxd8 {[%emt 0:01:06]} 31. Qd2 {[%emt 0:03:54]} Nf6 {[%emt 0:13:57]} 32. Ne2 {[%emt 0:00:17]} Qf3 {[%emt 0:00:13]} 33. Nef4 {[%emt 0:00:13]} Kh7 {[%emt 0:02:03]} 34. Qd6 {[%emt 0:03:51]} Qe4 {[%emt 0:03:27]} 35. Bc3 {[%emt 0:03:14]} Be7 {[%emt 0:01:54]} 36. Qc7 {[%emt 0:01:24]} Ng4 {[%emt 0:00:30]} 37. Nd5 {[%emt 0:00:25]} Qb1+ {[%emt 0:01:10]} 38. Ne1 {[%emt 0:00:02]} Nce5 {[%emt 0:00:53]} 39. Qxe7 {[%emt 0:00:42]} Nf3+ {[%emt 0:00:37]} 40. Kf1 {[%emt 0:00:44]} Ngh2+ {[%emt 0:00:33]} 41. Kf2 {[%emt 0:01:13]} Qa2+ {[%emt 0:06:03]} 42. Kg3 {[%emt 0:00:08]} Nf1+ {[%emt 0:01:38]} 43. Kf4 {[%emt 0:02:57]} 1-0